Statistiques concernant Palmarès Liverpool

Cliquez ici pour prendre le quiz!

Statistiques générales

  • Ce quiz a été pris 145 fois
  • Le résultat moyen est 6 sur 16

Statistiques - réponses

DateRéponseNombre% Correct
1977, 1978, 1981, 1984, 2005 et 2019Ligue des Champions6
98%
1901, 1906, 1922, 1923, 1947, 1964, 1966,
1973, 1976, 1977, 1979, 1980, 1982, 1983,
1984, 1986, 1988, 1990 et 2020
Premier League19
95%
1965, 1974, 1986, 1989, 1992, 2001, 2006
et 2022
Emirats FA Cup8
87%
1981, 1982, 1983, 1984, 1995, 2001, 2003,
2012 et 2022
Carabao Cup9
71%
1973, 1976 et 2001Europa League3
71%
2019Coupe du monde des clubs1
52%
1964, 1965, 1966, 1974, 1976, 1977, 1979,
1980, 1982, 1986, 1988, 1989, 1990, 2001,
2006 et 2022
FA Community Shield16
39%
1977, 2001, 2005 et 2019Super Coupe de l'UEFA4
33%
1894, 1896, 1905 et 1962EFL Championship4
26%
1996, 2006, 2007, 2019FA Youth Cup4
2%
1893Lancashire League1
2%
1919, 1920, 1924, 1931, 1933, 1944, 1947,
1956, 1959, 1973
Lancashire Senior Cup10
2%
1954, 1959, 1960, 1961Liverpool Challenge Cup4
2%
1884, 1886, 1887, 1890, 1891, 1892, 1894,
1895, 1896, 1898, 1899, 1900, 1904, 1906,
1907, 1908, 1914, 1919, 1921, 1922, 1923,
1924, 1926, 1928, 1938, 1940, 1945, 1953,
1954, 1956, 1957, 1959, 1960, 1962, 1972,
1976, 1983, 1996, 2007, 2010
Liverpool Senior Cup40
2%
2001-2002Premier Academy League moins de 17 ans1
2%
2001-2002Premier Academy League moins de 19 ans1
2%

Distribution des résultats

Percentile par nombre de réponses

% des personnes avec chaque résultat

Votre développement - résultats

Vous n’avez pas pris ce quiz